000 00296nam a2200109Ia 4500
001 587484
005 20250717113817.0
008 250717s9999 xx 000 0 und d
245 0 _aX-8 KİM İSTER YASAK ŞEHİRDE YAŞAMAYI
_cJACQUELINE MORLEY
260 _bTÜBİTAK YAYINLARI
_c2020
300 _b20
999 _c587484
_d587484